Sejarah intelek : isu dan masalah

Bibliographic Details
Main Author: Muhammad Yusof Ibrahim (Author)
Format: Book
Published: Subang Jaya, Selangor : Sarjana , 1985
Subjects:

MARC

LEADER 00000cam a2200000 7i4500
001 0000005310
005 20040418093000.0
008 021118s1985
020 |a 9679490211 
090 0 0 |a AZ228.M3   |b M8 
100 0 |a Muhammad Yusof Ibrahim ,   |e author 
245 0 0 |a Sejarah intelek :   |b isu dan masalah   |c Muhd. Yusof Ibrahim 
260 2 |a Subang Jaya, Selangor :   |b Sarjana ,   |c 1985 
300 |a 104 p. ;   |c 22 cm. 
504 |a Includes bibligraphical references (p. 90) and index 
650 0 |a Learning and scholarship 
999 |a 1000000207   |b Book   |c OPEN SHELF (30 DAYS)   |e Gong Badak Campus